| 000 | 00539nam a22002057a 4500 | ||
|---|---|---|---|
| 001 | 00912 | ||
| 003 | KOHA_MİRAKIL | ||
| 005 | 20240914231540.0 | ||
| 008 | 240915b tu ||||| |||| 00| 0 tur d | ||
| 020 | _a9786055147372 | ||
| 040 |
_aTR-AnABB _btur _cTR-AnABB |
||
| 041 | _atur | ||
| 082 |
_a814.42 _bSAY 2023 |
||
| 100 | _aSayar, Kemal | ||
| 245 | 0 |
_aKayıp arkadaş / _cKemal Sayar. |
|
| 260 |
_aİstanbul : _bAlfa Yayınları, _c2023. |
||
| 300 |
_a239 sayfa ; _c20 cm. |
||
| 650 | _aTürk edebiyatı, deneme | ||
| 942 |
_2ddc _cBK |
||
| 999 |
_c923 _d923 |
||